Thực hành tổng hợp hóa học hữu cơ
Đã lưu trong:
| Príomhúdar: | |
|---|---|
| Formáid: | Leabhar |
| Foilsithe: |
H.
Đại học Sư Phạm
2009
|
| Clibeanna: |
Cuir Clib Leis
Gan Chlibeanna, Bí ar an gcéad duine leis an taifead seo a chlibeáil!
|
| Thư viện lưu trữ: | Mạng thư viện Đại học Đà Nẵng |
|---|
| LEADER | 00835nam a2200229 4500 | ||
|---|---|---|---|
| 001 | 000019770 | ||
| 003 | 16211 | ||
| 005 | 20150812150802.0 | ||
| 008 | 140827s2009 sd | ||
| 100 | 1 | |a Thái Doãn Tĩnh | |
| 245 | 1 | 0 | |a Thực hành tổng hợp hóa học hữu cơ |c Thái Doãn Tĩnh |
| 260 | |a H. |b Đại học Sư Phạm |c 2009 | ||
| 774 | |a Thái Doãn Tĩnh |d Đại học Sư phạm |d H. |d 2009 |g T.1 |h 271 tr. |t Thực hành tổng hợp hóa học hữu cơ |w 16212 | ||
| 774 | |a Thái Doãn Tĩnh |d Đại học Sư phạm |d H. |d 2009 |g T.2 |h 256 tr. |t Thực hành tổng hợp hóa học hữu cơ |w 16213 | ||
| OWN | |a LSP | ||
| 999 | |a From the UDN01 | ||
| TYP | |a Monograph | ||
| TYP | |a Printed language | ||
| 980 | |a Mạng thư viện Đại học Đà Nẵng | ||